| 000 | 00794nam a2200241 i 4500 | ||
|---|---|---|---|
| 001 | 105382 | ||
| 003 | ES-MaACL | ||
| 005 | 20230906183851.0 | ||
| 007 | t| | ||
| 008 | 060704s1949 sp |||| | spa d | ||
| 080 | _a86.0(8.03).09-31 | ||
| 100 | 1 |
_aSaz, Agustín del. _9104111 |
|
| 245 | 1 | 0 |
_aResumen de historia de la novela hispanoamericana / _cpor Agustín del Saz ; prólogo de José Mª Castro y Calvo. |
| 260 |
_aBarcelona : _bAtlántida, _c[1949] |
||
| 300 |
_a238 p ; _c23 cm. |
||
| 490 | 1 | _aIntelecto | |
| 650 | 4 |
_aNovela hispanoamericana- _xHistoria y crítica. _915620 |
|
| 700 | 1 |
_aCastro y Calvo, José María. _936967 |
|
| 830 | 0 |
_aIntelecto _9186515 |
|
| 852 |
_aES-MaACL _jAND-177 _z. - Biblioteca Juan Andrade |
||
| 852 |
_aES-MaACL _jD-7732 |
||
| 999 |
_c105382 _d105382 |
||